Física / (Registro nro. 3951)

000 -CABECERA
Longitud fija campo de control 00512nam a22002057a 4500
003 - IDENTIFICADOR DELl NÚMERO DE CONTROL
Identificador del número de control OSt
005 - FECHA Y HORA DE LA ÚLTIMA TRANSACCIÓN
Fecha y hora de la última transacción 20140807141812.0
008 - CÓDIGOS DE INFORMACIÓN DE LONGITUD FIJA
Códigos de información de longitud fija 030206s2002 ck 000 0 spa d
020 ## - NÚMERO INTERNACIONAL NORMALIZADO PARA LIBROS
Número Internacional Normalizado para Libros (ISBN) 9701012976
040 ## - FUENTE DE LA CATALOGACIÓN
Centro transcriptor OSt
082 ## - NÚMERO DE LA CLASIFICACIÓN DECIMAL DEWEY
Número de edición DEWEY 21
Número de clasificación Decimal 530
Número de documento (Cutter) S479
100 1# - PUNTO DE ACCESO PRINCIPAL-NOMBRE DE PERSONA
Nombre de persona Serway, Raymond A.
9 (RLIN) 156
245 00 - TÍTULO PROPIAMENTE DICHO
Título Física /
Mención de responsabilidad, etc. Raymond A.Serway
250 ## - MENCIÓN DE EDICIÓN
Mención de edición 4 ed.
260 ## - PUBLICACIÓN, DISTRIBUCIÓN, ETC. (PIE DE IMPRENTA)
Lugar de publicación, distribución, etc. México :
Nombre del editor, distribuidor, etc. McGraw-Hill,
Fecha de publicación, distribución, etc. 1997.
300 ## - DESCRIPCIÓN FÍSICA
Extensión 1452 p.
490 ## - MENCIÓN DE SERIE
Designación de volumen o secuencia II t.
650 04 - PUNTO DE ACCESO ADICIONAL DE MATERIA - TÉRMINO DE MATERIA
Fuente del encabezamiento o término LEMB
Subdivisión de materia general FÍSICA
-- METODOS MATEMATICOS
9 (RLIN) 157
942 ## - ENTRADA DE ELEMENTOS AGREGADOS (KOHA)
Fuente de clasificaión o esquema
Koha [por defecto] tipo de item Libro
Existencias
Mostrar en OPAC Fecha adquisición Signatura completa Localización permanente Disponibilidad Localización en estanterías No para préstamo Fuente de clasificación o esquema Número de copia Tipo de Descarte Asignatura Fecha de Descarte Código de barras Forma de Material Localización actual Fecha última consulta
NULL2014-08-07530 S479Biblioteca Central NULLFondo GeneralNULL Ej. 1NULLUSAP2014-08-0708221Colección GeneralBiblioteca Central 2014-08-07

Campus Universitario - Ave. Circunvalación - San Pedro Sula, Honduras, C.A. / Tel: +504 2561.8777 / Fax: +504 2561.8787 / Email: info@usap.edu
Todos los Derechos Reservados. © MMXIII Universidad de San Pedro Sula